00756nam a22001937a 4500999001900000005001700019010001500036020003100051035001400082037001300096082000800109100001500117245008300132260003100215270010400246300007000350942002200420952012000442 c178401d17840120210330111925.0 aENG-125699 a978-93-8472-674-4c1995.00 aEN-109231 bDBAD/PUB a532 aShiv Kumar aFluid Mechanics and Fluid Machines: Basic Concepts and Principles/cShiv Kumar aNew DelhibAne Booksc2018 a4821, Parwana Bhawan, 1st Floor,24 Ansari Road, Darya GanjbNew Delhie110002mkapoor@anebooks.com axxx+520p.c20cm(hbk)bincluding tables, illustrations, and index. 2ddccENh532mSHI 001040708NFICaAVbAVd2021-03-30eDBAD/PUBg1995.00l0o532 SHIpEN-109231r2021-03-30 00:00:00t1v1995.00yEN